|
|
|
|
| LEADER |
00000nab#a22000007a#4500 |
| 001 |
arbauad029104 |
| 003 |
AR-BaUAD |
| 005 |
20250711112347.0 |
| 008 |
971110|||||||||###||||||b###|0###a|spa|| |
| 040 |
|
|
|a AR-BaUAD
|c AR-BaUAD
|b spa
|
| 245 |
1 |
0 |
|a Praga
|
| 300 |
0 |
|
|b fot.
|
| 500 |
|
|
|a Número dedicado a la historia, arquitectura, literatura y arte decorativo en la ciudad de Praga.
|
| 653 |
|
|
|a PRAGA
|
| 653 |
|
|
|a CHECOSLOVAQUIA
|
| 653 |
|
|
|a HISTORIA
|
| 653 |
|
|
|a ARQUITECTURA
|
| 653 |
|
|
|a CUBISMO
|
| 653 |
|
|
|a RACIONALISMO
|
| 653 |
|
|
|a FUNCIONALISMO
|
| 653 |
|
|
|a LITERATURA
|
| 653 |
|
|
|a VIVIENDAS UNIFAMILIARES
|
| 653 |
|
|
|a EDIFICIOS PUBLICOS
|
| 653 |
|
|
|a TEATROS
|
| 653 |
|
|
|a BIBLIOTECAS
|
| 773 |
0 |
|
|t ABITARE
|g Nº363 [jun. 1997], p. 102-244
|
| 942 |
|
|
|c ARTI
|
| 952 |
|
|
|0 0
|1 0
|4 0
|7 0
|9 74023
|a AR-BAuAD
|b AR-BAuAD
|d 2025-07-11
|l 0
|p AAQA029104
|r 2025-07-11 11:23:47
|w 2025-07-11
|y ARTI
|
| 990 |
|
|
|a AQ199
|b TD
|
| 998 |
|
|
|a AAQ
|b BIBUN76
|
| 999 |
|
|
|c 53696
|d 53696
|